|
|
|
|
| LEADER |
00000nam0a2200000 4500 |
| 001 |
367835 |
| 005 |
20231102012025.0 |
| 035 |
|
|
|a (RuTPU)RU\TPU\retro\25198
|
| 090 |
|
|
|a 367835
|
| 100 |
|
|
|a 20220323d1980 k y0rusy50 ca
|
| 101 |
0 |
|
|a rus
|
| 102 |
|
|
|a RU
|
| 105 |
|
|
|a a z 001zy
|
| 200 |
1 |
|
|a Теоретические вопросы геохимических методов поисков залежей нефти и газа
|e сборник научных трудов
|f Союзгеофизика ; Всесоюзный научно-исследовательский институт ядерной геофизики и геохимии ; отв. ред. И. Е. Колико
|
| 210 |
|
|
|a Москва
|c Изд-во ВННЯГГ
|d 1980
|
| 215 |
|
|
|a 128 с.
|c ил.
|
| 320 |
|
|
|a Библиогр. в конце кн.
|
| 606 |
1 |
|
|a Нефтегазоносность
|x Геохимические исследования
|2 stltpush
|3 (RuTPU)RU\TPU\subj\45593
|9 64786
|
| 610 |
1 |
|
|a поиски
|
| 610 |
1 |
|
|a разведка
|
| 610 |
1 |
|
|a геохимические методы
|
| 610 |
1 |
|
|a нефтяные залежи
|
| 610 |
1 |
|
|a газовые залежи
|
| 610 |
1 |
|
|a углеводороды
|
| 610 |
1 |
|
|a массоперенос
|
| 610 |
1 |
|
|a аномалии
|
| 610 |
1 |
|
|a аномалии
|
| 610 |
1 |
|
|a миграция
|
| 610 |
1 |
|
|a газообмен
|
| 675 |
|
|
|a 553.98:550.84
|v 4
|
| 702 |
|
1 |
|a Колико
|b И. Е.
|4 340
|
| 712 |
0 |
2 |
|a Союзгеофизика
|c Научно-производственное объединение
|c (Московская обл., п.г.т. Поварово)
|2 stltpush
|3 (RuTPU)RU\TPU\col\17528
|9 26676
|
| 712 |
0 |
2 |
|a Всесоюзный научно-исследовательский институт ядерной геофизики и геохимии
|c (Москва)
|c (1961-1986)
|2 stltpush
|3 (RuTPU)RU\TPU\col\7668
|9 24362
|
| 801 |
|
1 |
|a RU
|b 63413507
|c 20220323
|
| 942 |
|
|
|c BK
|